[Event "Titled Tue 26th Aug Late"]
[Site "chess.com INT"]
[Date "2025.08.26"]
[Round "11"]
[White "Vasynda, Oleksandr"]
[Black "Alvarado, Carlos"]
[Result "1-0"]
[WhiteTitle "FM"]
[BlackTitle "CM"]
[WhiteElo "2209"]
[BlackElo "2032"]
[WhiteFideId "14176297"]
[BlackFideId "3800555"]
[EventDate "2025.08.26"]

1. d4 d5 2. Nf3 Nf6 3. Bf4 c6 4. e3 Nbd7 5. c4 e6 6. Nc3 Bb4 7. h3 Qa5 8. Qc2
Ne4 9. Rc1 Qxa2 10. cxd5 exd5 11. Bd3 Bxc3+ 12. bxc3 Qxc2 13. Rxc2 O-O 14. c4
Nef6 15. Ke2 dxc4 16. Bxc4 Nb6 17. Bd3 Re8 18. Rb2 Be6 19. Ra1 Bc4 20. Bc7 Nfd5
21. Bxc4 Nxc7 22. Bd3 f6 23. Ra5 g6 24. Nd2 Ncd5 25. Kf3 Kg7 26. Ne4 Re7 27. Nc5
a6 28. e4 Rd8 29. exd5 Nxd5 30. Rxb7 Rxb7 31. Nxb7 Rb8 32. Nc5 Rb4 33. Rxa6 f5
34. Ra7+ Kh6 35. Ne6 Rb3 36. Ke2 Nb4 37. Bc4 Rb2+ 38. Kf3 Rc2 39. Bf1 Rc1 40.
Nf8 Rxf1 41. h4 1-0

[Event "Titled Tue 26th Aug Late"]
[Site "chess.com INT"]
[Date "2025.08.26"]
[Round "11"]
[White "Perelygin, Mikhail"]
[Black "Zhukovskyi, Oleksandr"]
[Result "1-0"]
[WhiteTitle "CM"]
[BlackTitle "CM"]
[WhiteElo "2227"]
[BlackElo "2145"]
[WhiteFideId "24153630"]
[BlackFideId "14169371"]
[EventDate "2025.08.26"]

1. d4 Nf6 2. g3 d5 3. Bg2 g6 4. Nf3 Bg7 5. O-O O-O 6. c4 c6 7. Nc3 dxc4 8. a4 a5
9. e4 Bg4 10. Be3 e5 11. d5 Nxe4 12. Nxe4 cxd5 13. Bc5 Re8 14. Nd6 e4 15. Nxe8
Qxe8 16. h3 exf3 17. Bxf3 Bxf3 18. Qxf3 d4 19. Qd5 Nd7 20. Bxd4 Nf6 21. Qxc4 Rc8
22. Qb5 Qe4 23. Rad1 h5 24. Rfe1 Qf3 25. Rd3 Qc6 26. Qxc6 Rxc6 27. Rb3 Nd5 28.
Bxg7 Kxg7 29. Rxb7 Rf6 30. Rb5 1-0

[Event "Titled Tue 26th Aug Late"]
[Site "chess.com INT"]
[Date "2025.08.26"]
[Round "11"]
[White "Ocampos, Ian"]
[Black "Baches Garcia, Guillermo"]
[Result "1-0"]
[BlackTitle "IM"]
[WhiteElo "2195"]
[BlackElo "2305"]
[WhiteFideId "117544"]
[BlackFideId "2209764"]
[EventDate "2025.08.26"]

1. e4 e6 2. d4 d5 3. Nc3 Nf6 4. e5 Nfd7 5. f4 c5 6. Nf3 Nc6 7. Be3 Rb8 8. Qd2
Qa5 9. Be2 b5 10. O-O b4 11. Nd1 cxd4 12. Nxd4 Nxd4 13. Bxd4 Bc5 14. Nf2 Ba6 15.
Bxa6 Qxa6 16. a3 b3 17. cxb3 Rxb3 18. Bxc5 Nxc5 19. Rac1 Ne4 20. Qc2 Rb8 21.
Nxe4 dxe4 22. Qxe4 O-O 23. Rf2 g6 24. h4 h5 25. Rc3 Rfd8 26. b4 Qb6 27. Qe3 Rd4
28. Kh2 Rbd8 29. Rfc2 Kg7 30. Rc8 R8d7 31. Qg3 Qb7 32. Qg5 1-0

[Event "Titled Tue 26th Aug Late"]
[Site "chess.com INT"]
[Date "2025.08.26"]
[Round "11"]
[White "Bhatia, Kanishka"]
[Black "Bagchi, Sounak"]
[Result "1-0"]
[WhiteTitle "WCM"]
[WhiteElo "2067"]
[BlackElo "2030"]
[WhiteFideId "2410095"]
[BlackFideId "30970059"]
[EventDate "2025.08.26"]

1. Nf3 c5 2. c4 Nf6 3. g3 Nc6 4. Bg2 g6 5. O-O Bg7 6. Nc3 d6 7. e4 O-O 8. d4
cxd4 9. Nxd4 Bd7 10. Re1 Rc8 11. Nc2 Ne5 12. b3 b5 13. f4 Neg4 14. h3 Qb6+ 15.
Qd4 Qxd4+ 16. Nxd4 Nh6 17. Ndxb5 Bxb5 18. Nxb5 Nxe4 19. Rb1 Nxg3 20. Rxe7 Nhf5
21. Rxa7 Nd4 22. Be3 Nxb5 23. cxb5 Ne2+ 24. Kf2 Nc3 25. Rc1 Nxb5 26. Rxc8 Rxc8
27. Rb7 Rc2+ 28. Kg3 Nc3 29. Rb8+ Bf8 30. f5 Kg7 31. Bd4+ Kh6 32. Be3+ Kg7 33.
f6+ Kxf6 34. Rxf8 Nxa2 35. Rb8 Ke5 36. b4 d5 37. Bf4+ Kd4 38. b5 Rb2 39. b6 Nc3
40. b7 Ne2+ 41. Kg4 Nxf4 42. Kxf4 f6 43. Bxd5 Kxd5 44. Rd8+ Ke6 45. b8=Q Rxb8
46. Rxb8 g5+ 47. Kg3 Kf7 48. Kg2 Kg6 49. Rb7 Kf5 50. Rb6 h5 51. Kf2 h4 52. Kf3
Kg6 53. Kg4 Kf7 54. Kf5 1-0

[Event "Titled Tue 26th Aug Late"]
[Site "chess.com INT"]
[Date "2025.08.26"]
[Round "11"]
[White "Tarhan, Adar"]
[Black "Beznosov, Timofey"]
[Result "1-0"]
[WhiteTitle "IM"]
[BlackTitle "CM"]
[WhiteElo "2474"]
[BlackElo "2131"]
[WhiteFideId "34544712"]
[BlackFideId "34497951"]
[EventDate "2025.08.26"]

1. e4 e6 2. d4 d5 3. Nd2 c5 4. exd5 exd5 5. Ngf3 Nf6 6. Bb5+ Bd7 7. Qe2+ Be7 8.
dxc5 O-O 9. O-O Bxc5 10. Nb3 Bb6 11. Bg5 h6 12. Bh4 Nc6 13. Rad1 Bg4 14. h3 Re8
15. Qd3 Nb4 16. Qd2 Bxf3 17. gxf3 Ne4 18. Bxd8 Nxd2 19. Bxe8 Nxf1 20. Bxb6 axb6
21. Bb5 Rxa2 22. Bxf1 Rxb2 23. Nd4 g6 24. c3 Na2 25. Ne2 Rc2 26. Rxd5 Nxc3 27.
Nxc3 Rxc3 28. Kg2 Rc6 29. Rd7 Kg7 30. Rxb7 h5 31. Bb5 Rf6 32. Bc4 h4 33. Bd5 Rf5
34. Bc6 Rf6 35. Rxb6 g5 36. Ra6 Rd6 37. Bb5 Rd5 38. Bc4 Rd4 39. Ba2 Rf4 40. Ra5
Kg6 41. Bb1+ Kh6 42. Rf5 Rxf5 43. Bxf5 Kg7 44. Bg4 Kf6 45. Bh5 Ke6 46. f4 f6 47.
Kf3 Kd6 48. fxg5 f5 49. Kf4 Ke6 50. Bd1 Ke7 51. Bb3 Kf8 52. Kxf5 Kg7 53. f4 Kh8
54. Kf6 Kh7 55. g6+ Kh6 56. g7 Kh5 57. g8=Q Kh6 58. Qh8# 1-0

[Event "Titled Tue 26th Aug Late"]
[Site "chess.com INT"]
[Date "2025.08.26"]
[Round "11"]
[White "Arslanov, Shamil"]
[Black "Gasparyan, David"]
[Result "1-0"]
[WhiteTitle "IM"]
[WhiteElo "2410"]
[BlackElo "2194"]
[WhiteFideId "4192826"]
[BlackFideId "13311980"]
[EventDate "2025.08.26"]

1. d4 Nf6 2. f3 e6 3. e4 c5 4. c3 d5 5. e5 Nfd7 6. Be3 Nc6 7. f4 Qb6 8. Qd2 c4
9. Nf3 Be7 10. Be2 O-O 11. O-O f5 12. Kh1 Qd8 13. Rg1 b5 14. g4 fxg4 15. Rxg4
Qe8 16. Na3 b4 17. Nb5 Rb8 18. Nc7 Qf7 19. Rag1 g6 20. f5 Qxf5 21. Rf4 bxc3 22.
bxc3 Qh3 23. Rg3 Rb1+ 24. Ng1 Qh6 25. Rf1 Rfxf1 26. Bxh6 Rf7 27. Nxe6 Nb6 28.
Ng5 Rf2 29. Rf3 Rxf3 30. Bxf3 Bf5 31. h4 Ba3 32. Qg2 Rb2 33. Bxd5+ Kh8 34. Nf7+
Kg8 35. Nd6+ Kh8 36. Nxf5 Rxg2 37. Bg7# 1-0

[Event "Titled Tue 26th Aug Late"]
[Site "chess.com INT"]
[Date "2025.08.26"]
[Round "11"]
[White "Malassagne, Isabelle"]
[Black "Pereyra, Horacio"]
[Result "0-1"]
[WhiteTitle "WFM"]
[WhiteElo "2134"]
[BlackElo "2133"]
[WhiteFideId "20670265"]
[BlackFideId "113700"]
[EventDate "2025.08.26"]

1. d4 e6 2. Nf3 f5 3. g3 b6 4. Bg2 Bb7 5. O-O Nf6 6. b3 Be7 7. Bb2 O-O 8. c4 d5
9. Nbd2 c6 10. e3 Ne4 11. Rc1 Nd7 12. a3 Rc8 13. b4 Bf6 14. c5 b5 15. Nb3 Qc7
16. Na5 Rce8 17. a4 a6 18. axb5 axb5 19. Ra1 Bc8 20. Nb3 g5 21. Nfd2 Bg7 22. Qc2
Ndf6 23. Ra2 Ng4 24. Nxe4 fxe4 25. Qe2 e5 26. dxe5 Bxe5 27. Bxe5 Nxe5 28. Nd4
Bg4 29. Qd2 Qd7 30. Ra6 Bf3 31. Rfa1 Rf7 32. Ra8 Rxa8 33. Rxa8+ Kg7 34. Qa2 Bxg2
35. Kxg2 Nd3 36. Kg1 Qg4 37. Ra7 Qd1+ 38. Kg2 Ne1+ 39. Kf1 Nf3+ 40. Kg2 Qg1+ 41.
Kh3 Qxh2+ 42. Kg4 h5# 0-1

[Event "Titled Tue 26th Aug Late"]
[Site "chess.com INT"]
[Date "2025.08.26"]
[Round "11"]
[White "Foldes, Marton Gabor"]
[Black "Arnold, Rhys"]
[Result "1-0"]
[WhiteTitle "FM"]
[BlackTitle "FM"]
[WhiteElo "2293"]
[BlackElo "2269"]
[WhiteFideId "794708"]
[BlackFideId "1068849"]
[EventDate "2025.08.26"]

1. e4 c5 2. Nf3 Nc6 3. d4 cxd4 4. Nxd4 e5 5. Nb5 d6 6. N1c3 a6 7. Na3 Be6 8. Nc4
Rb8 9. Ne3 Nf6 10. g3 h5 11. Bg2 h4 12. O-O g6 13. f4 exf4 14. gxf4 h3 15. Bf3
Bh6 16. f5 Bd7 17. Nc4 Bxc1 18. Rxc1 gxf5 19. exf5 Kf8 20. Qxd6+ Qe7 21. Qf4 b5
22. Bxc6 Rg8+ 23. Kf2 Ng4+ 24. Kg3 Ne5+ 25. Kxh3 bxc4 26. Bxd7 Nxd7 27. Rg1 Rh8+
28. Kg2 Nf6 29. Qxb8+ Kg7 30. Qg3+ Kf8 31. Kh1 Qb7+ 32. Qg2 Qc7 33. Qg3 Qc6+ 34.
Rg2 1-0

[Event "Titled Tue 26th Aug Late"]
[Site "chess.com INT"]
[Date "2025.08.26"]
[Round "11"]
[White "Dotzer, Lukas"]
[Black "Janaszak, Dawid"]
[Result "1-0"]
[WhiteTitle "IM"]
[BlackTitle "FM"]
[WhiteElo "2472"]
[BlackElo "2306"]
[WhiteFideId "1666975"]
[BlackFideId "1119206"]
[EventDate "2025.08.26"]

1. g3 h5 2. Bg2 h4 3. d4 d5 4. c4 c6 5. cxd5 cxd5 6. Nc3 Nf6 7. gxh4 Rxh4 8. Nf3
Rh5 9. Bg5 Nc6 10. h4 g6 11. Bxf6 exf6 12. e3 Bd6 13. Nd2 Nb4 14. a3 Nd3+ 15.
Ke2 Bf5 16. Nxd5 Nxb2 17. Qb3 Nd3 18. Ne4 Be6 19. Nexf6+ Kf8 20. Nxh5 gxh5 21.
Qxd3 Qa5 22. Rab1 Bxd5 23. Rb5 Qxb5 24. Qxb5 Bxg2 25. Qxh5 Bxh1 26. Qh8+ Ke7 27.
Qxa8 Bxa3 28. Qxa7 Bd6 29. h5 Kf8 30. h6 Kg8 31. Qb6 Bf8 32. Qd8 Be4 33. Qe8 Bc6
34. h7+ Kg7 35. h8=Q+ 1-0

[Event "Titled Tue 26th Aug Late"]
[Site "chess.com INT"]
[Date "2025.08.26"]
[Round "11"]
[White "Jasinski, Alexander"]
[Black "Kao, Jamison Edrich"]
[Result "1-0"]
[BlackTitle "CM"]
[WhiteElo "2063"]
[BlackElo "2081"]
[WhiteFideId "55627994"]
[BlackFideId "6007937"]
[EventDate "2025.08.26"]

1. e4 c5 2. Nf3 Nc6 3. Bb5 d6 4. O-O Bd7 5. Re1 Nf6 6. d3 a6 7. Bxc6 Bxc6 8. c3
e5 9. Bg5 Be7 10. Nbd2 O-O 11. d4 exd4 12. cxd4 Re8 13. d5 Bd7 14. e5 Nxd5 15.
Bxe7 Qxe7 16. Nc4 Bc6 17. exd6 Qf6 18. Nfe5 Nf4 19. Nxc6 bxc6 20. Qf3 Qd4 21. b3
h6 22. Rad1 Rxe1+ 23. Rxe1 Nd3 24. Rd1 Re8 25. Kf1 Qc3 26. Ne3 Ne5 27. d7 Rd8
28. Qf5 f6 29. Qe6+ Kh8 30. Qe8+ Rxe8 31. dxe8=Q+ Kh7 32. Qe6 Qc2 33. Qf5+ Qxf5
34. Nxf5 1-0

[Event "Titled Tue 26th Aug Late"]
[Site "chess.com INT"]
[Date "2025.08.26"]
[Round "11"]
[White "Arabidze, Meri"]
[Black "Dubnevych, Maksym"]
[Result "0-1"]
[WhiteTitle "IM"]
[BlackTitle "FM"]
[WhiteElo "2444"]
[BlackElo "2296"]
[WhiteFideId "13604040"]
[BlackFideId "14184001"]
[EventDate "2025.08.26"]

1. d4 Nf6 2. c4 e6 3. Nc3 d5 4. cxd5 exd5 5. Bg5 Be7 6. e3 O-O 7. Bd3 h6 8. Bh4
Re8 9. Bg3 c5 10. Nge2 Nc6 11. O-O Bg4 12. dxc5 Bxc5 13. h3 Bh5 14. Qb3 Bxe2 15.
Nxe2 Bb6 16. Rad1 Qe7 17. Bb1 Rad8 18. Bh4 g5 19. Bg3 Na5 20. Qb5 Nc4 21. Nd4
Nh5 22. Nf5 Qe6 23. Bh2 Ng7 24. Nxg7 Kxg7 25. Qb3 Qf6 26. Bd3 Nxb2 27. Bb5 Nxd1
28. Bxe8 Nc3 29. Bb5 d4 30. exd4 Bxd4 31. Bg3 Ne4 32. Kh2 Nd2 33. Qa4 Nxf1+ 34.
Bxf1 Bxf2 35. Bxf2 Qxf2 36. Qc4 Qf4+ 37. Qxf4 gxf4 38. Be2 Rd2 39. Bf3 b5 0-1

[Event "Titled Tue 26th Aug Late"]
[Site "chess.com INT"]
[Date "2025.08.26"]
[Round "11"]
[White "Romero Ruscalleda, Josep"]
[Black "Dessyn, Timothee"]
[Result "0-1"]
[WhiteTitle "FM"]
[BlackTitle "FM"]
[WhiteElo "2110"]
[BlackElo "2334"]
[WhiteFideId "2231859"]
[BlackFideId "651028859"]
[EventDate "2025.08.26"]

1. e4 c5 2. c3 d5 3. exd5 Qxd5 4. Nf3 g6 5. Na3 Bg7 6. Bc4 Qe4+ 7. Be2 Nf6 8. d3
Qf5 9. Be3 O-O 10. h3 Nc6 11. O-O Nd5 12. Qd2 Nxe3 13. fxe3 Qd7 14. d4 cxd4 15.
exd4 Qc7 16. Nb5 Qg3 17. Ne1 a6 18. Na3 Rd8 19. Nac2 Be5 20. Qe3 Qh2+ 21. Kf2
Bf4 22. Qf3 Rd6 23. Rh1 Qxh1 24. Nd3 Qh2 25. Nxf4 Rf6 26. Ke3 e5 27. dxe5 Nxe5
28. Qe4 Bf5 29. Qxe5 Re6 30. Qxe6 fxe6 31. Ne1 e5 32. Nd5 Qg3+ 33. Bf3 e4 34.
Nf6+ Kg7 35. Nxe4 Bxe4 36. Kxe4 Re8+ 37. Kd3 Rxe1 38. Rxe1 Qxe1 39. Bxb7 Qb1+
40. Kc4 Qxb2 41. Bxa6 Qxa2+ 42. Kb5 Qxg2 43. c4 Kf6 44. Bc8 Ke7 45. c5 Kd8 46.
Bg4 Kc7 47. c6 Qxc6+ 48. Kb4 Kd6 49. Kb3 Qc5 50. Kb2 Qc4 51. Kb1 Qc3 52. Ka2 Kc5
53. Be6 Kd4 54. h4 Ke3 55. h5 Kd2 56. hxg6 Kc1 57. gxh7 Qb2# 0-1

[Event "Titled Tue 26th Aug Late"]
[Site "chess.com INT"]
[Date "2025.08.26"]
[Round "11"]
[White "Tang, Zoey"]
[Black "Shafer, Logan C"]
[Result "0-1"]
[WhiteTitle "FM"]
[BlackTitle "CM"]
[WhiteElo "2381"]
[BlackElo "2234"]
[WhiteFideId "30952530"]
[BlackFideId "30993342"]
[EventDate "2025.08.26"]

1. d4 Nf6 2. c4 e6 3. Nf3 d5 4. Nc3 dxc4 5. e4 b5 6. e5 Nd5 7. Nxb5 Nb6 8. Be3
Nc6 9. a3 Be7 10. Qc2 Na5 11. h4 Qd7 12. Nc3 Bb7 13. Be2 f5 14. exf6 gxf6 15.
O-O O-O-O 16. Ne4 Nb3 17. Rad1 Qd5 18. Nc5 Bc6 19. Bxc4 Nxc4 20. Qxb3 Rhg8 21.
Bg5 fxg5 22. Na6 Nb6 23. Qxd5 Bxd5 24. Nc5 Bxf3 25. gxf3 gxh4+ 26. Kh2 Bxc5 27.
dxc5 Nd5 28. Rfe1 Nf4 29. Rxd8+ Rxd8 30. Re4 Ng6 31. Rxe6 Kd7 32. Ra6 Rf8 33.
Rxa7 Rxf3 34. b4 Rxf2+ 35. Kg1 Rb2 36. Ra6 Rb3 37. Rf6 Rxa3 38. Rf7+ Kc6 39.
Rxh7 Rg3+ 40. Kh2 Rg5 41. Rg7 h3 42. Rh7 Nf4 43. Rh4 Rg2+ 44. Kh1 Rf2 45. Rg4
Kb5 46. Rg7 c6 47. Rb7+ Kc4 48. Rf7 Kxb4 49. Rf5 Nd3 0-1

[Event "Titled Tue 26th Aug Late"]
[Site "chess.com INT"]
[Date "2025.08.26"]
[Round "11"]
[White "Shapiro, Daniel"]
[Black "Pica, Eleni"]
[Result "0-1"]
[WhiteTitle "FM"]
[BlackTitle "WCM"]
[WhiteElo "2284"]
[BlackElo "1743"]
[WhiteFideId "2001780"]
[BlackFideId "5910005"]
[EventDate "2025.08.26"]

1. d4 Nf6 2. c4 e6 3. g3 d5 4. Nf3 b6 5. Bg2 Bb7 6. cxd5 Bxd5 7. O-O Be7 8. Nc3
Bb7 9. Re1 O-O 10. e4 c5 11. e5 Nd5 12. Ne4 cxd4 13. Qxd4 Nc6 14. Qd1 Rc8 15. a3
Na5 16. h4 h6 17. Bd2 Nc4 18. Bc1 Qc7 19. Ned2 b5 20. b3 Ncb6 21. Ne4 a5 22. Qe2
Qc2 23. Bd2 Qxb3 24. g4 Rc2 25. g5 Nf4 26. Qd1 hxg5 27. Rb1 Qc4 28. Bf1 Qc7 29.
Bxb5 Bxe4 30. Rxe4 Rd8 31. Qe1 Nd3 32. Bxd3 Rxd3 33. Kg2 g4 34. Rxg4 Qc6 35. Qe2
Rdxd2 0-1

[Event "Titled Tue 26th Aug Late"]
[Site "chess.com INT"]
[Date "2025.08.26"]
[Round "11"]
[White "Simonovic, Miroslav"]
[Black "Vazelakis, Dimitrios"]
[Result "1-0"]
[WhiteTitle "CM"]
[WhiteElo "2092"]
[BlackElo "1858"]
[WhiteFideId "919152"]
[BlackFideId "4203674"]
[EventDate "2025.08.26"]

1. d4 d5 2. Bg5 f6 3. Bf4 e5 4. dxe5 Nc6 5. Nf3 Bg4 6. exf6 Qxf6 7. Bc1 O-O-O 8.
Nbd2 Bd6 9. g3 h5 10. h4 Nh6 11. Bg2 Nf5 12. Nb3 Qf7 13. Ng5 Qe7 14. O-O Bxe2
15. Qxd5 Nxg3 16. Qe6+ Qxe6 17. Nxe6 Bxf1 18. Nxd8 Bxg2 19. Kxg2 Kxd8 20. Bg5+
Kd7 21. fxg3 Re8 22. Rf1 Re2+ 23. Rf2 Rxf2+ 24. Kxf2 Ne5 25. Nd2 Ng4+ 26. Kf3
Be5 27. c3 Nf6 28. Bxf6 Bxf6 29. Ne4 Be5 30. g4 hxg4+ 31. Kxg4 b6 32. Kg5 c5 33.
Kg6 Ke6 34. h5 Kd5 35. Ng5 b5 36. Nf3 Bf6 37. h6 gxh6 38. Kxf6 h5 39. Kf5 b4 40.
cxb4 cxb4 41. b3 1-0

[Event "Titled Tue 26th Aug Late"]
[Site "chess.com INT"]
[Date "2025.08.26"]
[Round "11"]
[White "Padalka, Artem"]
[Black "Yurovskykh, Oleksandr"]
[Result "0-1"]
[WhiteTitle "CM"]
[BlackTitle "FM"]
[WhiteElo "2124"]
[BlackElo "2379"]
[WhiteFideId "14118637"]
[BlackFideId "14134020"]
[EventDate "2025.08.26"]

1. d4 d5 2. c4 dxc4 3. e3 Nf6 4. Bxc4 e6 5. Nf3 c5 6. O-O Nc6 7. Qe2 cxd4 8. Rd1
Be7 9. exd4 O-O 10. Nc3 Na5 11. Bd3 b6 12. Bg5 Bb7 13. Rac1 Rc8 14. Bb1 Nd5 15.
Qe4 g6 16. Qh4 f6 17. Bh6 Re8 18. Qh3 Qd7 19. Re1 Nxc3 20. bxc3 Bd5 21. Qg4 Kf7
22. h4 Bd6 23. h5 Rg8 24. hxg6+ hxg6 25. Nh4 f5 26. Qe2 Rh8 27. Bg5 Rh5 28. f4
Rch8 29. Nf3 Nc4 30. Kf2 Qc7 31. Bd3 b5 32. Ne5+ Bxe5 33. dxe5 Bxg2 34. Bxc4
bxc4 35. Qe3 Bd5 36. Rg1 Rh2+ 37. Kf1 Rxa2 38. Bf6 Rhh2 39. Rxg6 Kxg6 0-1

[Event "Titled Tue 26th Aug Late"]
[Site "chess.com INT"]
[Date "2025.08.26"]
[Round "11"]
[White "Mesquita, Eduardo Barbosa"]
[Black "Gomes, Luiz Alexandre de Souza"]
[Result "0-1"]
[BlackTitle "FM"]
[WhiteElo "2060"]
[BlackElo "2254"]
[WhiteFideId "22757163"]
[BlackFideId "2102790"]
[EventDate "2025.08.26"]

1. e4 c5 2. Nf3 d6 3. d4 cxd4 4. Nxd4 Nf6 5. Nc3 a6 6. f3 e6 7. Be3 Be7 8. Qd2
O-O 9. O-O-O Qc7 10. g4 Nc6 11. h4 Ne5 12. h5 Nfd7 13. g5 Nc4 14. Bxc4 Qxc4 15.
f4 b5 16. b3 Qc7 17. f5 Ne5 18. f6 gxf6 19. gxf6 Bxf6 20. Rdg1+ Kh8 21. Qf2 Qe7
22. Nf5 exf5 23. Nd5 Qd8 24. Nxf6 Qxf6 25. Bg5 Nd3+ 26. cxd3 Qa1+ 27. Kd2 Qxa2+
28. Kd1 Qxb3+ 29. Kd2 Qb2+ 30. Kd1 Qc3 31. h6 Bb7 32. Qb6 Qxd3+ 33. Ke1 Qxe4+
34. Kd1 f6 35. Bd2 Qf3+ 36. Kc1 Rac8+ 37. Kb2 Qd5 38. Bc3 Qc5 39. Qxc5 dxc5 40.
Rg7 Bxh1 0-1

[Event "Titled Tue 26th Aug Late"]
[Site "chess.com INT"]
[Date "2025.08.26"]
[Round "11"]
[White "Caprio, Guido"]
[Black "Kavyev, Ruslan"]
[Result "0-1"]
[WhiteTitle "IM"]
[BlackTitle "FM"]
[WhiteElo "2435"]
[BlackElo "2179"]
[WhiteFideId "834580"]
[BlackFideId "34110981"]
[EventDate "2025.08.26"]

1. Nf3 Nf6 2. d4 g6 3. c4 Bg7 4. Nc3 O-O 5. e4 d6 6. Be2 e5 7. O-O exd4 8. Nxd4
Re8 9. f3 Nc6 10. Be3 Nh5 11. Nxc6 bxc6 12. f4 Nf6 13. Bf3 Nxe4 14. Nxe4 Bf5 15.
Ng3 Rxe3 16. Nxf5 gxf5 17. Bxc6 Rb8 18. Rb1 Rxb2 19. Rxb2 Bxb2 20. Qd2 Qf6 21.
Kh1 Qd4 22. Qxd4 Bxd4 23. g3 Kg7 24. Rf3 Re1+ 25. Kg2 Re2+ 26. Kh3 Bg1 27. g4
Rxh2+ 28. Kg3 fxg4 29. Kxg4 Rxa2 30. Kf5 Ra5+ 31. Bd5 c6 32. Rg3+ Kf8 33. Rxg1
cxd5 34. cxd5 Rxd5+ 35. Kf6 Rh5 36. Ra1 Rh6+ 37. Kg5 Rg6+ 38. Kf5 h5 39. Rxa7 h4
40. Ra2 h3 41. Rh2 Rh6 42. Kg5 Rh8 43. Kf6 Ke8 44. f5 Rh7 45. Kg5 Kd7 46. Kf6
Kc6 47. Rc2+ Kd5 48. Rd2+ Ke4 49. Re2+ Kf3 50. Rh2 Kg3 51. Rh1 h2 52. Rd1 h1=Q
53. Rxh1 Rxh1 54. Kxf7 d5 55. Ke6 d4 56. f6 Rf1 57. f7 d3 58. Ke5 d2 0-1

[Event "Titled Tue 26th Aug Late"]
[Site "chess.com INT"]
[Date "2025.08.26"]
[Round "11"]
[White "Ferrara, Enzo"]
[Black "Przybylski, Wojciech"]
[Result "0-1"]
[BlackTitle "FM"]
[WhiteElo "2138"]
[BlackElo "2340"]
[WhiteFideId "137731"]
[BlackFideId "1117599"]
[EventDate "2025.08.26"]

1. d4 Nf6 2. c4 g6 3. Nc3 Bg7 4. e4 O-O 5. f4 c5 6. d5 b5 7. cxb5 d6 8. Nf3 a6
9. Bd2 axb5 10. Bxb5 Ba6 11. Be2 Nfd7 12. h4 h5 13. g4 hxg4 14. Ng5 Bxe2 15.
Qxe2 Nf6 16. e5 dxe5 17. fxe5 Nxd5 18. e6 Nxc3 19. exf7+ Rxf7 20. bxc3 Qd5 21.
Rg1 Ra4 22. Rc1 Rf5 23. c4 Qc6 24. Qxg4 Nd7 25. Kd1 Ne5 26. Qe2 Rxa2 27. Rf1
Qa4+ 28. Ke1 Qb3 29. Rxf5 gxf5 30. Rc3 Qb1+ 31. Kf2 Ra1 32. Kg2 Qh1+ 33. Kg3
Rg1+ 34. Kf4 Ng6+ 35. Kxf5 Nxh4+ 36. Ke6 Qc6+ 37. Kxe7 Nf5+ 0-1

[Event "Titled Tue 26th Aug Late"]
[Site "chess.com INT"]
[Date "2025.08.26"]
[Round "11"]
[White "Gubajdullin, Alexei"]
[Black "Rorrer, Grayson"]
[Result "0-1"]
[WhiteTitle "FM"]
[BlackTitle "IM"]
[WhiteElo "2228"]
[BlackElo "2426"]
[WhiteFideId "4141202"]
[BlackFideId "30944996"]
[EventDate "2025.08.26"]

1. Nf3 d5 2. d4 Nf6 3. Bf4 e6 4. e3 c5 5. Nbd2 Qb6 6. Rb1 cxd4 7. exd4 Bd7 8. c3
Bb5 9. Qb3 Bxf1 10. Nxf1 Qxb3 11. axb3 Nc6 12. b4 a6 13. N1d2 Nh5 14. Bg3 Nxg3
15. hxg3 Bd6 16. Nb3 b6 17. Ra1 f6 18. Kd2 Kd7 19. Ra2 Ra7 20. Rha1 Rha8 21. Ne1
e5 22. dxe5 fxe5 23. Kc2 Kc7 24. f3 Kb7 25. g4 Re8 26. Rd1 Ne7 27. Nc1 Kc6 28.
Ne2 Ng6 29. Nd3 Rea8 30. b3 Rf8 31. c4 Ne7 32. b5+ Kb7 33. bxa6+ Rxa6 34. Rxa6
Kxa6 35. cxd5 Nxd5 36. Kb2 Ne3 37. Ra1+ Kb7 38. Ne1 e4 39. Ra4 Nxg2 40. Nxg2
exf3 41. Nh4 fxe2 42. Re4 Bg3 43. Ng2 Rf2 44. Re7+ Ka6 45. Ne1 Rh2 0-1

[Event "Titled Tue 26th Aug Late"]
[Site "chess.com INT"]
[Date "2025.08.26"]
[Round "11"]
[White "Estrada Nieto, Julian"]
[Black "Harriott, Tyrell"]
[Result "1-0"]
[WhiteTitle "IM"]
[WhiteElo "2182"]
[BlackElo "1933"]
[WhiteFideId "5101018"]
[BlackFideId "2086484"]
[EventDate "2025.08.26"]

1. e4 d5 2. exd5 Nf6 3. d4 Qxd5 4. Nc3 Qa5 5. Nf3 Nc6 6. Bb5 Bd7 7. Bd2 O-O-O 8.
a4 Nb4 9. O-O Bg4 10. h3 Bxf3 11. Qxf3 Rxd4 12. Be3 Rd8 13. Rfd1 Rxd1+ 14. Rxd1
e6 15. Ne4 Be7 16. Bg5 c6 17. Nxf6 cxb5 18. c3 bxa4 19. cxb4 Qxg5 20. Qc3+ Kb8
21. Nd7+ Ka8 22. Qc7 Bxb4 23. Ne5 Qe7 24. Rd7 Qxd7 25. Qxd7 f6 26. Nf7 Rb8 27.
Qxe6 Ba5 28. Nd6 Bc7 29. Nb5 Bb6 30. g3 Rd8 31. Qe2 a6 32. Nc3 Ba7 33. Nxa4 Rc8
34. Nc3 Rd8 35. Kg2 Bb8 36. Qe7 Rc8 37. Qxg7 h5 38. Qxf6 Rc6 39. Qf8 Ka7 40. Nd5
Rd6 41. Qf5 1-0

[Event "Titled Tue 26th Aug Late"]
[Site "chess.com INT"]
[Date "2025.08.26"]
[Round "11"]
[White "Popov, Konstantin"]
[Black "Korchynskyi, Mykola"]
[Result "1-0"]
[WhiteTitle "IM"]
[BlackTitle "FM"]
[WhiteElo "2397"]
[BlackElo "2359"]
[WhiteFideId "34137910"]
[BlackFideId "34138005"]
[EventDate "2025.08.26"]

1. e4 e6 2. d4 d5 3. Nc3 dxe4 4. Nxe4 Nd7 5. Nf3 Ngf6 6. Bd3 Nxe4 7. Bxe4 Nf6 8.
Bd3 c5 9. O-O cxd4 10. Nxd4 Bc5 11. Nb3 Bb6 12. Qf3 O-O 13. Be3 Bd7 14. Rfd1 h6
15. c4 Bc6 16. Qh3 Qe7 17. Bxb6 axb6 18. Qe3 Qc7 19. h3 Rfd8 20. Nd4 Nd7 21. Be2
Nf6 22. b3 e5 23. Nf5 Be4 24. Ng3 Bg6 25. a4 Qc5 26. Qc3 e4 27. b4 Qg5 28. Qe3
Qe5 29. Qxb6 Rxd1+ 30. Rxd1 Rxa4 31. b5 Ra2 32. Qe3 Rc2 33. Nf1 Qb2 34. Rd2 Rxd2
35. Qxd2 Qe5 36. Ne3 Bf5 37. Qd8+ Kh7 38. Qb6 Qa1+ 39. Bf1 Bc8 40. Qc7 Be6 41.
Qxb7 Qb1 42. Qc7 Nh5 43. b6 g5 44. b7 Nf4 45. b8=Q Qe1 46. Qe5 Ne2+ 47. Kh2 Qxf2
48. Qbh8+ Kg6 49. Qeg7+ Kh5 50. Qhxh6# 1-0